[Event "Dieren op"]
[Site "Dieren"]
[Date "2022.08.02"]
[Round "7"]
[White "Elgersma, Onno"]
[Black "Ypma, Peter"]
[Result "1/2-1/2"]
[WhiteElo "2316"]
[BlackElo "2346"]
[PlyCount "216"]
[EventDate "2022.07.26"]
[EventType "swiss"]
[EventRounds "9"]
[EventCountry "NED"]
[SourceTitle "CBM 209 Extra"]
[Source "ChessBase"]
[SourceDate "2022.09.30"]
[SourceVersion "1"]
[SourceVersionDate "2022.09.30"]
[SourceQuality "1"]

1. e4 e5 2. Nf3 Nc6 3. Bb5 Nf6 4. d3 Bc5 5. 0-0 d6 6. c3 0-0 7. Bg5 Bb6 8. a4 a6 9. Bc4 Ne7 10. Nbd2 c6 11. Ba2 Ng6 12. Nh4 Nxh4 13. Bxh4 h6 14. Bg3 Bg4 15. Qc2 Nh5 16. Kh1 Bc7 17. d4 Qf6 18. Qd3 exd4 19. cxd4 Nxg3+ 20. fxg3 Qg6 21. Nf3 Bd8 22. Rae1 Bf6 23. Qd2 b5 24. Bb1 Bg5 25. Qc3 Qe6 26. e5 Qc4 27. Qxc4 bxc4 28. exd6 Bxf3 29. Rxf3 Rad8 30. Ba2 Rxd6 31. Bxc4 Rxd4 32. b3 a5 33. Rf5 Bd2 34. Rd1 Rfd8 35. Bxf7+ Kh7 36. h4 Bb4 37. Rxd4 Rxd4 38. h5 Rd3 39. Bg6+ Kg8 40. Re5 Rd1+ 41. Kh2 Re1 42. Rf5 Re3 43. Rf7 Rxb3 44. Rc7 Kf8 45. Rxc6 Ra3 46. Re6 Be7 47. Re4 Rc3 48. Kh3 Rc8 49. Kg4 Rb8 50. Kf5 Rb4 51. Re5 Rxa4 52. Rb5 Rd4 53. Rxa5 Rd8 54. g4 Rb8 55. Ra6 Bd8 56. Ra7 Be7 57. Ke6 Bg5 58. Ra6 Kg8 59. Rc6 Rf8 60. Rc7 Rf6+ 61. Kd7 Rf8 62. Be8 Rf1 63. Rc8 Rf8 64. Ra8 Bh4 65. Ra3 Bg5 66. g3 Rf1 67. Ra8 Rf8 68. Rc8 Kh8 69. Rb8 Kg8 70. Rb5 Rf1 71. Bg6 Rf8 72. Rb7 Rf6 73. Rb5 Rf8 74. Be4 Rf7+ 75. Ke6 Re7+ 76. Kd5 Re8 77. Kd4 Bf6+ 78. Kd3 Rd8+ 79. Bd5+ Kh7 80. Ke3 Bg5+ 81. Ke4 Re8+ 82. Kf5 Rf8+ 83. Ke5 Bf6+ 84. Ke6 Bg5 85. Rb7 Rf6+ 86. Kd7 Rf8 87. Rb5 Rd8+ 88. Ke6 Rf8 89. Be4+ Kg8 90. Bg6 Rf6+ 91. Kd7 Rf8 92. Rb7 Rf6 93. Rb8+ Rf8 94. Bh7+ Kf7 95. Rb7 Rd8+ 96. Kc6+ Kf8 97. Rc7 Rd1 98. Bc2 Rd4 99. Bb3 Rxg4 100. Rf7+ Ke8 101. Rxg7 Rxg3 102. Bd5 Bf4 103. Rh7 Rc3+ 104. Kb5 Rc7 105. Rh8+ Ke7 106. Bc6 Kf6 107. Rg8 Rg7 108. Rxg7 Kxg7 1/2-1/2

[Event "Dieren op"]
[Site "Dieren"]
[Date "2022.08.01"]
[Round "6"]
[White "Lahaye, Rick"]
[Black "Ypma, Peter"]
[Result "1-0"]
[WhiteElo "2417"]
[BlackElo "2346"]
[PlyCount "79"]
[EventDate "2022.07.26"]
[EventType "swiss"]
[EventRounds "9"]
[EventCountry "NED"]
[SourceTitle "CBM 209 Extra"]
[Source "ChessBase"]
[SourceDate "2022.09.30"]
[SourceVersion "1"]
[SourceVersionDate "2022.09.30"]
[SourceQuality "1"]

1. e4 c5 2. Nc3 Nc6 3. g3 g6 4. Bg2 Bg7 5. d3 e5 6. Be3 d6 7. Qd2 Be6 8. f4 Nd4 9. Nce2 Qd7 10. c3 Nxe2 11. Nxe2 Bh3 12. Bxh3 Qxh3 13. fxe5 Bxe5 14. d4 cxd4 15. cxd4 Bg7 16. Qb4 Qd7 17. Bf4 Nf6 18. Nc3 Rd8 19. 0-0 0-0 20. Bg5 Qe6 21. Rae1 Rc8 22. d5 Qe5 23. Bf4 Qh5 24. Bxd6 Ng4 25. h4 Rfe8 26. Qxb7 Bd4+ 27. Kg2 g5 28. Rf5 Ne3+ 29. Rxe3 Bxe3 30. Bc7 Qg6 31. hxg5 Bb6 32. Bxb6 axb6 33. Rf6 Qh5 34. d6 Rcd8 35. g6 Rf8 36. gxh7+ Kxh7 37. Qd5 Qg4 38. Rf5 Kg6 39. d7 f6 40. Qe6 1-0

[Event "Dieren op"]
[Site "Dieren"]
[Date "2022.07.26"]
[Round "1"]
[White "Ypma, Peter"]
[Black "Binnendijk, Ferdinand"]
[Result "1/2-1/2"]
[WhiteElo "2346"]
[BlackElo "2147"]
[PlyCount "52"]
[EventDate "2022.07.26"]
[EventType "swiss"]
[EventRounds "9"]
[EventCountry "NED"]
[SourceTitle "CBM 209 Extra"]
[Source "ChessBase"]
[SourceDate "2022.09.30"]
[SourceVersion "1"]
[SourceVersionDate "2022.09.30"]
[SourceQuality "1"]

1. d4 d5 2. Nc3 g6 3. Bf4 c6 4. Nf3 Bg7 5. e4 dxe4 6. Nxe4 Qa5+ 7. Qd2 Qxd2+ 8. Nexd2 Nf6 9. c3 Nd5 10. Bg3 Bf5 11. Be2 Nd7 12. 0-0 0-0 13. Rfe1 Rfe8 14. Nc4 N7b6 15. Na5 Na4 16. Nxb7 Nxb2 17. Ne5 Bxe5 18. Bxe5 f6 19. Bg3 Nxc3 20. Bf3 Nd3 21. Bxc6 Nxe1 22. Rxe1 Rec8 23. Na5 Kf8 24. h3 Rxc6 25. Nxc6 Be4 26. Re3 Bxc6 1/2-1/2

[Event "BEL-chT 1718"]
[Site "Belgium"]
[Date "2018.04.29"]
[Round "11.2"]
[White "Van den Doel, Erik"]
[Black "Ypma, Peter"]
[Result "1/2-1/2"]
[WhiteElo "2591"]
[BlackElo "2324"]
[PlyCount "54"]
[EventDate "2017.09.24"]
[EventType "team-tourn"]
[EventRounds "11"]
[EventCountry "BEL"]
[SourceTitle "EXT 2019"]
[Source "ChessBase"]
[SourceDate "2018.10.10"]
[SourceVersion "1"]
[SourceVersionDate "2018.10.10"]
[SourceQuality "1"]
[WhiteTeam "Wirtzfeld"]
[BlackTeam "Brasschaat"]
[WhiteTeamCountry "BEL"]
[BlackTeamCountry "BEL"]

1. d4 d6 2. e4 Nd7 3. Nf3 e5 4. Bc4 Be7 5. dxe5 Nxe5 6. Nxe5 dxe5 7. Qh5 g6 8. Qxe5 Nf6 9. Bh6 Rg8 10. Nc3 Qd6 11. Qxd6 Bxd6 12. Bd2 Be6 13. Bd3 0-0-0 14. Bg5 Be7 15. e5 Nd5 16. Bxe7 Nxe7 17. 0-0-0 h6 18. Be4 g5 19. Rxd8+ Rxd8 20. h4 g4 21. h5 Rg8 22. Nb5 Bd7 23. Nd4 Rg5 24. e6 fxe6 25. Ne2 Ng8 26. Bg6 Nf6 27. Ng3 Bc6 1/2-1/2

[Event "Leiden LCT op-A 11th"]
[Site "Leiden"]
[Date "2017.07.22"]
[Round "8"]
[White "Ypma, Peter"]
[Black "Kuipers, Stefan"]
[Result "1/2-1/2"]
[WhiteElo "2283"]
[BlackElo "2388"]
[PlyCount "34"]
[EventDate "2017.07.14"]
[EventType "swiss"]
[EventRounds "9"]
[EventCountry "NED"]
[SourceTitle "CBM 179 Extra"]
[Source "ChessBase"]
[SourceDate "2017.08.23"]
[SourceVersion "1"]
[SourceVersionDate "2017.08.23"]
[SourceQuality "1"]

1. b3 e5 2. Bb2 Nc6 3. e3 Nf6 4. Bb5 Bd6 5. Ne2 0-0 6. 0-0 e4 7. Ng3 Be5 8. Bxe5 Nxe5 9. d4 exd3 10. cxd3 d5 11. d4 Ng6 12. Be2 Re8 13. Nd2 Qd6 14. Rc1 c6 15. Qc2 Bg4 16. Qc5 Qd7 17. b4 Bxe2 1/2-1/2

[Event "Groningen op-A 54th"]
[Site "Groningen"]
[Date "2016.12.29"]
[Round "8"]
[White "Van Foreest, Lucas"]
[Black "Ypma, Peter"]
[Result "1-0"]
[WhiteElo "2395"]
[BlackElo "2260"]
[PlyCount "49"]
[EventDate "2016.12.21"]
[EventType "swiss"]
[EventRounds "9"]
[EventCountry "NED"]
[SourceTitle "CBM 176 Extra"]
[Source "ChessBase"]
[SourceDate "2017.03.02"]
[SourceVersion "1"]
[SourceVersionDate "2017.03.02"]
[SourceQuality "1"]

1. e4 b6 2. d4 Bb7 3. Bd3 e6 4. Nf3 Nf6 5. Nbd2 c5 6. c3 Nc6 7. 0-0 cxd4 8. cxd4 Nb4 9. Bb1 Ba6 10. Re1 Qc7 11. Nf1 Bxf1 12. Rxf1 Rc8 13. a3 Nc6 14. Bg5 Be7 15. Bd3 0-0 16. Rc1 Qb8 17. Qe2 e5 18. Rxc6 dxc6 19. dxe5 Bxa3 20. exf6 Bd6 21. e5 Rfe8 22. Qe4 g6 23. Qh4 Bf8 24. Bh6 Bc5 25. Bf4 1-0

[Event "Groningen op-A 54th"]
[Site "Groningen"]
[Date "2016.12.26"]
[Round "5"]
[White "Ypma, Peter"]
[Black "Ten Hertog, Hugo"]
[Result "1-0"]
[WhiteElo "2260"]
[BlackElo "2453"]
[PlyCount "109"]
[EventDate "2016.12.21"]
[EventType "swiss"]
[EventRounds "9"]
[EventCountry "NED"]
[SourceTitle "CBM 176 Extra"]
[Source "ChessBase"]
[SourceDate "2017.03.02"]
[SourceVersion "1"]
[SourceVersionDate "2017.03.02"]
[SourceQuality "1"]

1. b3 g6 2. Bb2 Nf6 3. Bxf6 exf6 4. c4 b6 5. Nc3 Bb7 6. Nf3 f5 7. e3 f4 8. e4 Bg7 9. Bd3 Nc6 10. Rc1 g5 11. Bb1 g4 12. Ng1 Qg5 13. Kf1 h5 14. h4 Qh6 15. Nd5 0-0-0 16. Ne2 f3 17. gxf3 gxf3 18. Ng3 Nd4 19. Ne7+ Kb8 20. Nef5 Qf6 21. Rc3 Nxf5 22. Nxf5 Bh6 23. Rxf3 Qb2 24. d3 Rdg8 25. Rg1 Bf8 26. Rfg3 Rxg3 27. Rxg3 a5 28. Qc2 Qe5 29. d4 Qf4 30. d5 Bc5 31. Qb2 Re8 32. a3 Rxe4 33. Bxe4 Qxe4 34. Rg5 Qh1+ 35. Ke2 Qe4+ 36. Ne3 Qxh4 37. Qh8+ Ka7 38. Rxh5 Qe4 39. Qh7 Qd4 40. a4 d6 41. Qd3 Qb2+ 42. Qc2 Qf6 43. Rf5 Qg7 44. Rf3 Bc8 45. Kf1 Qa1+ 46. Kg2 Qg7+ 47. Rg3 Qf8 48. Qh7 Qe7 49. Rf3 Kb8 50. Qxf7 Qe4 51. Qf4 Qb1 52. Nf5 Kb7 53. Nd4 Qg6+ 54. Rg3 Qh7 55. Ne6 1-0

[Event "Groningen op-A 53rd"]
[Site "Groningen"]
[Date "2015.12.30"]
[Round "9"]
[White "Ypma, Peter"]
[Black "Kerigan, Demre"]
[Result "1/2-1/2"]
[WhiteElo "2228"]
[BlackElo "2374"]
[PlyCount "97"]
[EventDate "2015.12.21"]
[EventType "swiss"]
[EventRounds "9"]
[EventCountry "NED"]
[SourceTitle "CBM 170 Extra"]
[Source "ChessBase"]
[SourceDate "2016.02.25"]
[SourceVersion "1"]
[SourceVersionDate "2016.02.25"]
[SourceQuality "1"]

1. e4 d6 2. d4 Nf6 3. Nc3 c6 4. Nf3 g6 5. a4 Bg7 6. h3 0-0 7. Be3 Qc7 8. Bc4 Nbd7 9. 0-0 Nxe4 10. Nxe4 d5 11. Bd3 dxe4 12. Bxe4 Nf6 13. Bd3 Nd5 14. Bd2 c5 15. c3 cxd4 16. Nxd4 Nf4 17. Be4 Ne6 18. Nb5 Qb8 19. Qf3 a6 20. Na3 Nc5 21. Bc2 Be6 22. Be3 Qc7 23. Rad1 Be5 24. Bd4 Rfd8 25. Rfe1 Bxd4 26. Rxd4 Nd7 27. Red1 Nf6 28. Nb1 Rxd4 29. Rxd4 Qe5 30. Qd1 Kg7 31. Nd2 Rc8 32. Nf3 Qc5 33. Bb3 Rc6 34. Rd8 Bxb3 35. Qxb3 Ne4 36. Rd4 Nxf2 37. Qxb7 Nd3 38. b4 Qxc3 39. Rxd3 Qc1+ 40. Kf2 Rc2+ 41. Kg3 Qf1 42. Rd2 Rxd2 43. Nxd2 Qe1+ 44. Kh2 Qxd2 45. Qxe7 Qf4+ 46. Kh1 Qf1+ 47. Kh2 Qf4+ 48. Kh1 Qf1+ 49. Kh2 1/2-1/2

[Event "Groningen op-A 53rd"]
[Site "Groningen"]
[Date "2015.12.28"]
[Round "7"]
[White "Ypma, Peter"]
[Black "Wacker, Peter"]
[Result "1-0"]
[WhiteElo "2228"]
[BlackElo "2335"]
[PlyCount "93"]
[EventDate "2015.12.21"]
[EventType "swiss"]
[EventRounds "9"]
[EventCountry "NED"]
[SourceTitle "CBM 170 Extra"]
[Source "ChessBase"]
[SourceDate "2016.02.25"]
[SourceVersion "1"]
[SourceVersionDate "2016.02.25"]
[SourceQuality "1"]

1. e4 e5 2. Nf3 Nc6 3. Bb5 a6 4. Bxc6 dxc6 5. 0-0 Bg4 6. h3 Bh5 7. g4 Bg6 8. Nxe5 Qh4 9. Qf3 f6 10. Nc4 h5 11. d3 Bf7 12. g5 Be6 13. Kg2 b5 14. Na5 Bd6 15. Nxc6 Bg4 16. Qe3 fxg5 17. e5 Bc5 18. Qg3 Bd7 19. Na5 Qxg3+ 20. fxg3 g4 21. h4 0-0-0 22. Nb3 Bb6 23. Bg5 Bc6+ 24. Kh2 Re8 25. d4 Nf6 26. N1d2 a5 27. Bxf6 gxf6 28. Rxf6 Bd5 29. c3 a4 30. Nc1 b4 31. Ne2 a3 32. c4 axb2 33. Rb1 Rhf8 34. Rxf8 Rxf8 35. Kg1 Bf3 36. c5 Bxc5 37. dxc5 Bxe2 38. Rxb2 Re8 39. Rxb4 Rxe5 40. Re4 Rxe4 41. Nxe4 Bc4 42. a3 Bd3 43. Nf6 Bg6 44. Kf2 Kb7 45. Ke3 Kc6 46. Kd4 Kb5 47. Nd5 1-0

[Event "Groningen op-A 53rd"]
[Site "Groningen"]
[Date "2015.12.27"]
[Round "6"]
[White "Maris, Ivo"]
[Black "Ypma, Peter"]
[Result "1-0"]
[WhiteElo "2352"]
[BlackElo "2228"]
[PlyCount "67"]
[EventDate "2015.12.21"]
[EventType "swiss"]
[EventRounds "9"]
[EventCountry "NED"]
[SourceTitle "CBM 170 Extra"]
[Source "ChessBase"]
[SourceDate "2016.02.25"]
[SourceVersion "1"]
[SourceVersionDate "2016.02.25"]
[SourceQuality "1"]

1. Nf3 Nf6 2. c4 g6 3. g3 Bg7 4. Bg2 d6 5. d4 0-0 6. 0-0 Nbd7 7. Nc3 e5 8. e4 c6 9. h3 Qa5 10. Be3 exd4 11. Nxd4 Re8 12. Re1 Ne5 13. Qe2 Be6 14. Nxe6 Rxe6 15. Rac1 Rae8 16. c5 b5 17. cxd6 Nc4 18. f4 Nxe4 19. Nxe4 Nxd6 20. Nxd6 Rxe3 21. Nxe8 Rxe2 22. Rxe2 Bd4+ 23. Kh2 c5 24. Nd6 Qb6 25. Nc8 Qc7 26. Ne7+ Kg7 27. Nd5 Qd6 28. Re7 c4 29. Rce1 Bxb2 30. Rxa7 Bd4 31. Rb7 c3 32. Ree7 c2 33. Rxf7+ Kg8 34. Rfc7 1-0

[Event "Groningen op-A 53rd"]
[Site "Groningen"]
[Date "2015.12.24"]
[Round "4"]
[White "Ypma, Peter"]
[Black "Lobzhanidze, Davit"]
[Result "1/2-1/2"]
[WhiteElo "2228"]
[BlackElo "2425"]
[PlyCount "99"]
[EventDate "2015.12.21"]
[EventType "swiss"]
[EventRounds "9"]
[EventCountry "NED"]
[SourceTitle "CBM 170 Extra"]
[Source "ChessBase"]
[SourceDate "2016.02.25"]
[SourceVersion "1"]
[SourceVersionDate "2016.02.25"]
[SourceQuality "1"]

1. e4 c5 2. Nc3 Nc6 3. g3 g6 4. Bg2 Bg7 5. d3 d6 6. Nh3 e6 7. 0-0 Nge7 8. Nf4 0-0 9. h4 h6 10. g4 Rb8 11. g5 h5 12. Nce2 e5 13. Nxh5 gxh5 14. Ng3 Qd7 15. f3 f5 16. f4 exf4 17. Nxh5 fxe4 18. Nxg7 Kxg7 19. Rxf4 Rxf4 20. Bxf4 Ng6 21. Bg3 Qg4 22. Bxd6 Qxd1+ 23. Rxd1 Bg4 24. Bxb8 Bxd1 25. Bd6 exd3 26. cxd3 Nxh4 27. Bxc6 bxc6 28. Bxc5 a6 29. Kf2 Kf7 30. Ke3 Ke6 31. Kd2 Bg4 32. Kc3 Kd5 33. Be7 Ng6 34. Bf6 Nf4 35. d4 Bf5 36. Kb4 Bd3 37. Ka5 Ne6 38. g6 Bxg6 39. Kxa6 Nxd4 40. Kb6 Nc2 41. a4 Bd3 42. Be7 Ne3 43. b4 Nc4+ 44. Kb7 Ke6 45. Bc5 Kd5 46. Be7 Nd6+ 47. Bxd6 Kxd6 48. a5 Be4 49. Kb6 Bd3 50. a6 1/2-1/2

[Event "Groningen op-A 53rd"]
[Site "Groningen"]
[Date "2015.12.23"]
[Round "3"]
[White "Pajeken, Wolfgang"]
[Black "Ypma, Peter"]
[Result "0-1"]
[WhiteElo "2304"]
[BlackElo "2228"]
[PlyCount "94"]
[EventDate "2015.12.21"]
[EventType "swiss"]
[EventRounds "9"]
[EventCountry "NED"]
[SourceTitle "CBM 170 Extra"]
[Source "ChessBase"]
[SourceDate "2016.02.25"]
[SourceVersion "1"]
[SourceVersionDate "2016.02.25"]
[SourceQuality "1"]

1. d4 d6 2. Nf3 g6 3. c4 Bg7 4. Nc3 c5 5. e3 cxd4 6. exd4 Nf6 7. Be2 0-0 8. 0-0 d5 9. c5 b6 10. b4 a5 11. Na4 bxc5 12. bxc5 Ba6 13. Nb6 Bxe2 14. Qxe2 Ra7 15. Bf4 Nbd7 16. Rab1 Ne4 17. Rfc1 g5 18. Nxd7 Qxd7 19. Bxg5 Qf5 20. Be3 Nc3 21. Qb2 Nxb1 22. Rxb1 Raa8 23. h3 Rfc8 24. a4 Rxc5 25. Qb7 Rcc8 26. Rb5 e6 27. Rxa5 Rab8 28. Qd7 Rd8 29. Qc7 Qb1+ 30. Kh2 Bf8 31. Bf4 Rbc8 32. Qa7 Qf5 33. Bg3 Bd6 34. Bxd6 Rxd6 35. Rc5 Rdd8 36. Rxc8 Rxc8 37. Qb7 Qf4+ 38. g3 Qc7 39. Qa6 Qc6 40. Qa7 Qc7 41. Qa6 Rb8 42. Qd3 Qc1 43. g4 Qb1 44. Qe3 Rb3 45. Qg5+ Qg6 46. Qd8+ Kg7 47. Ng5 h6 0-1

[Event "Rotterdam Basamro blitz op "]
[Site "Rotterdam"]
[Date "2015.10.24"]
[Round "8"]
[White "Klukin, Kirill"]
[Black "Ypma, Peter"]
[Result "1-0"]
[WhiteElo "2264"]
[BlackElo "2263"]
[PlyCount "117"]
[EventDate "2015.10.24"]
[EventType "swiss (blitz)"]
[EventRounds "8"]
[EventCountry "NED"]
[SourceTitle "EXT 2018"]
[Source "ChessBase"]
[SourceDate "2017.10.13"]
[SourceVersion "1"]
[SourceVersionDate "2017.10.13"]
[SourceQuality "1"]

1. d4 g6 2. Nf3 Bg7 3. c4 d6 4. Nc3 c6 5. Bg5 Qc7 6. e3 Nf6 7. Be2 0-0 8. 0-0 e5 9. Qc2 Re8 10. Rfd1 Bf5 11. Qb3 Ne4 12. Nxe4 Bxe4 13. Rac1 Nd7 14. Bh4 Bf5 15. Bg3 exd4 16. Nxd4 Nc5 17. Qa3 Bxd4 18. Rxd4 Ne4 19. Bxd6 Nxd6 20. Qxd6 Qb6 21. Qa3 c5 22. Rd2 Be4 23. f3 Bf5 24. e4 Be6 25. Rcd1 Rad8 26. Qe3 Rxd2 27. Rxd2 Qc7 28. Qg5 b6 29. b3 Kg7 30. Qg3 Qe7 31. Qe5+ Kg8 32. Qf4 Rd8 33. g3 Rd7 34. Kf2 Qd8 35. Rxd7 Qxd7 36. Qb8+ Kg7 37. Qe5+ Kg8 38. Qb8+ Kg7 39. Qe5+ f6 40. Qc3 Bf7 41. Bf1 h5 42. a3 Qd1 43. b4 cxb4 44. axb4 Qb1 45. c5 Qa2+ 46. Kg1 bxc5 47. bxc5 Qe6 48. c6 Qc8 49. c7 Be6 50. Qc6 Bd7 51. Qd6 Qe8 52. Ba6 Bc8 53. Bxc8 Qxc8 54. Qd8 Qb7 55. c8Q Qb1+ 56. Kg2 Qb2+ 57. Kh3 Kh6 58. Qh8+ Kg5 59. f4# 1-0

[Event "Rotterdam Basamro blitz op "]
[Site "Rotterdam"]
[Date "2015.10.24"]
[Round "2"]
[White "Ypma, Peter"]
[Black "Galchenko, Vadim"]
[Result "1-0"]
[WhiteElo "2263"]
[BlackElo "2024"]
[PlyCount "93"]
[EventDate "2015.10.24"]
[EventType "swiss (blitz)"]
[EventRounds "8"]
[EventCountry "NED"]
[SourceTitle "EXT 2018"]
[Source "ChessBase"]
[SourceDate "2017.10.13"]
[SourceVersion "1"]
[SourceVersionDate "2017.10.13"]
[SourceQuality "1"]

1. g3 f5 2. Bg2 Nf6 3. Nf3 g6 4. 0-0 Bg7 5. d3 0-0 6. Re1 d6 7. Nc3 e5 8. e4 fxe4 9. dxe4 Nc6 10. h3 h6 11. Kh2 Be6 12. Qe2 Qd7 13. Be3 Qf7 14. Nd2 Ne7 15. Nb5 Nc6 16. c4 a6 17. Nc3 Nd4 18. Qd3 c5 19. Nd5 Nxd5 20. cxd5 Bd7 21. Nc4 Qe7 22. Bxd4 exd4 23. f4 b5 24. Nb6 Rae8 25. Nxd7 Qxd7 26. a4 c4 27. Qd2 c3 28. bxc3 dxc3 29. Qc2 b4 30. a5 Qb7 31. Qb3 Rb8 32. e5 dxe5 33. fxe5 Rf2 34. Kg1 Qa7 35. Kh1 Qd4 36. Rad1 Rd2 37. e6 c2 38. Qxc2 Rxc2 39. Rxd4 Bxd4 40. d6 b3 41. e7 b2 42. d7 b1Q 43. e8Q+ Kh7 44. d8Q Rxd8 45. Qf7+ Bg7 46. Rxb1 Rdd2 47. Rb7 1-0

[Event "Dieren op"]
[Site "Dieren"]
[Date "2015.07.27"]
[Round "6"]
[White "Beukema, Jasper"]
[Black "Ypma, Peter"]
[Result "1/2-1/2"]
[WhiteElo "1942"]
[BlackElo "2246"]
[PlyCount "86"]
[EventDate "2015.07.21"]
[EventType "swiss"]
[EventRounds "9"]
[EventCountry "NED"]
[SourceTitle "CBM 167 Extra"]
[Source "ChessBase"]
[SourceDate "2015.09.14"]
[SourceVersion "1"]
[SourceVersionDate "2015.09.14"]
[SourceQuality "1"]

1. e4 g6 2. Nc3 Bg7 3. f4 a6 4. Nf3 b5 5. d4 d6 6. Be3 Nd7 7. Bd3 Bb7 8. 0-0 c5 9. e5 Nh6 10. exd6 exd6 11. dxc5 Nxc5 12. f5 Nxd3 13. Bxh6 Bxh6 14. Qxd3 0-0 15. Rad1 Rc8 16. Ne4 Bxe4 17. Qxe4 Qe8 18. Qh4 Qe3+ 19. Kh1 Qf4 20. Qh3 Bg7 21. c3 Qxf5 22. Qxf5 gxf5 23. Rxd6 Rfe8 24. Rxa6 Re2 25. Rb1 b4 26. cxb4 Rxb2 27. Rd1 Rxb4 28. a4 h6 29. h3 Rb2 30. Rd7 Rcc2 31. Ra8+ Kh7 32. Rxf7 Rxg2 33. Rxf5 Rgc2 34. Rf4 h5 35. Ra5 Rc1+ 36. Ng1 Kg6 37. Rf3 Kh6 38. Rff5 Rcc2 39. Rxh5+ Kg6 40. Rhg5+ Kh6 41. Nf3 Rf2 42. Raf5 Rxf3 43. Rh5+ Kg6 1/2-1/2

[Event "Maastricht Limburg op-A 9th"]
[Site "Maastricht"]
[Date "2015.05.25"]
[Round "6"]
[White "Ypma, Peter"]
[Black "Meijer, Dolf"]
[Result "1-0"]
[WhiteElo "2260"]
[BlackElo "2223"]
[PlyCount "115"]
[EventDate "2015.05.22"]
[EventType "swiss"]
[EventRounds "7"]
[EventCountry "NED"]
[SourceTitle "CBM 166 Extra"]
[Source "ChessBase"]
[SourceDate "2015.06.18"]
[SourceVersion "1"]
[SourceVersionDate "2015.06.18"]
[SourceQuality "1"]

1. d4 d5 2. c4 e6 3. Nf3 Nf6 4. g3 c6 5. Bg2 Nbd7 6. Qc2 Bd6 7. Bf4 Bxf4 8. gxf4 Ne4 9. Nbd2 f5 10. 0-0 0-0 11. b4 Rf6 12. b5 Rh6 13. bxc6 bxc6 14. Qa4 Nb6 15. Qa3 Qc7 16. e3 Nxd2 17. Nxd2 g5 18. Qa5 gxf4 19. c5 fxe3 20. Nf3 Rb8 21. cxb6 axb6 22. Qa3 exf2+ 23. Rxf2 Rg6 24. Rc1 Bb7 25. Qe3 Qd6 26. Qe5 Qf8 27. Qc7 Ba8 28. Ne5 Rg7 29. Nd7 Re8 30. Rc3 Qe7 31. Rg3 Kh8 32. Rxg7 Qxg7 33. Qe5 Qxe5 34. dxe5 c5 35. Nxb6 Bc6 36. a4 c4 37. a5 Re7 38. Nxc4 dxc4 39. Bxc6 Rc7 40. Bf3 c3 41. Rc2 Ra7 42. Rxc3 Rxa5 43. Re3 Kg7 44. Kf2 Kg6 45. Bd1 Rc5 46. Bb3 Kg5 47. Bxe6 Kf4 48. Rf3+ Kxe5 49. Bxf5 Rc7 50. Bd3 Rc6 51. Rh3 h6 52. Rh5+ Kd6 53. Rxh6+ Kc7 54. Rh8 Rc3 55. Ke3 Kd7 56. h4 Ke7 57. h5 Kf7 58. h6 1-0

[Event "Rotterdam Pathena op"]
[Site "Rotterdam"]
[Date "2015.05.07"]
[Round "6"]
[White "Evengroen, Henk Jan"]
[Black "Ypma, Peter"]
[Result "1/2-1/2"]
[WhiteElo "2204"]
[BlackElo "2237"]
[PlyCount "107"]
[EventDate "2015.05.02"]
[EventType "swiss"]
[EventRounds "7"]
[EventCountry "NED"]
[SourceTitle "CBM 166 Extra"]
[Source "ChessBase"]
[SourceDate "2015.06.18"]
[SourceVersion "1"]
[SourceVersionDate "2015.06.18"]
[SourceQuality "1"]

1. d4 d6 2. c4 e5 3. e3 Be7 4. Nc3 f5 5. Be2 Nf6 6. Nf3 e4 7. Nd2 c6 8. f3 d5 9. cxd5 cxd5 10. Qb3 Nc6 11. 0-0 0-0 12. fxe4 fxe4 13. Rxf6 Bxf6 14. Nxd5 Be6 15. Bc4 Na5 16. Nxf6+ Qxf6 17. Bxe6+ Kh8 18. Qd1 Qxe6 19. b3 Nc6 20. Ba3 Rf5 21. Qc2 Re8 22. Nc4 Rd5 23. Rf1 b5 24. Nd2 b4 25. Bb2 Ne7 26. Rf4 Ng8 27. Qxe4 Qxe4 28. Nxe4 g5 29. Nxg5 Rxe3 30. Kf2 Re7 31. Ne4 Rc7 32. Nc5 Re7 33. Nd3 a5 34. g4 Kg7 35. Kf3 Nh6 36. h4 Nf7 37. g5 Nd6 38. h5 Nf7 39. h6+ Kg8 40. Ne5 Nxe5+ 41. dxe5 Rd2 42. Bd4 Rf7 43. Bc5 Rxa2 44. e6 Rxf4+ 45. Kxf4 Ra1 46. g6 Rf1+ 47. Kg5 a4 48. bxa4 b3 49. gxh7+ Kxh7 50. Ba3 Re1 51. Kf6 Rf1+ 52. Kg5 Re1 53. Kf6 Rf1+ 54. Kg5 1/2-1/2

[Event "NED-chT 1415"]
[Site "Netherlands"]
[Date "2015.03.07"]
[Round "6.8"]
[White "Ypma, Peter"]
[Black "Driessens, Patrick"]
[Result "1/2-1/2"]
[WhiteElo "2209"]
[BlackElo "2315"]
[PlyCount "53"]
[EventDate "2014.09.27"]
[EventType "team-tourn"]
[EventRounds "9"]
[EventCountry "NED"]
[SourceTitle "EXT 2016"]
[Source "ChessBase"]
[SourceDate "2015.10.08"]
[SourceVersion "1"]
[SourceVersionDate "2015.10.08"]
[SourceQuality "1"]
[WhiteTeam "Utrecht"]
[BlackTeam "Voerendaal"]
[WhiteTeamCountry "NED"]
[BlackTeamCountry "NED"]

1. d4 d6 2. e4 Nf6 3. Nc3 e5 4. Nf3 Nbd7 5. dxe5 dxe5 6. Bc4 Bc5 7. Bg5 c6 8. 0-0 h6 9. Bh4 Qe7 10. a3 a5 11. Ba2 Nf8 12. b4 Ba7 13. bxa5 Ng6 14. Bg3 Qc5 15. Na4 Qxa5 16. Nb2 Nxe4 17. Nc4 Qc5 18. Ncxe5 Nxe5 19. Nxe5 0-0 20. Qh5 Be6 21. Bxe6 fxe6 22. Qg6 Nxg3 23. Qxe6+ Kh7 24. Qg6+ Kg8 25. Qe6+ Kh7 26. Qg6+ Kg8 27. Qe6+ 1/2-1/2

[Event "Groningen op 52nd"]
[Site "Groningen"]
[Date "2014.12.27"]
[Round "6"]
[White "Kevlishvili, Robby"]
[Black "Ypma, Peter"]
[Result "0-1"]
[WhiteElo "2366"]
[BlackElo "2223"]
[PlyCount "82"]
[EventDate "2014.12.21"]
[EventType "swiss"]
[EventRounds "9"]
[EventCountry "NED"]
[SourceTitle "CBM 164 Extra"]
[Source "ChessBase"]
[SourceDate "2015.03.02"]
[SourceVersion "1"]
[SourceVersionDate "2015.03.02"]
[SourceQuality "1"]

1. e4 c5 2. Nf3 g6 3. d4 cxd4 4. Nxd4 Nc6 5. c4 Nf6 6. Nc3 d6 7. Be2 Nxd4 8. Qxd4 Bg7 9. Be3 0-0 10. Qd2 Be6 11. Rc1 Qa5 12. f3 Rfc8 13. b3 a6 14. a4 Nd7 15. 0-0 b5 16. axb5 axb5 17. Nxb5 Qxd2 18. Bxd2 Ra2 19. Rfd1 Nc5 20. Rb1 f5 21. Bf1 fxe4 22. fxe4 Bg4 23. Bg5 Bxd1 24. Rxd1 Kf8 25. Rb1 Nxe4 26. Be3 Nd2 27. Bxd2 Rxd2 28. h3 Ra8 29. Nc7 Ra1 30. Rxa1 Bxa1 31. b4 Bd4+ 32. Kh2 Rd1 33. Ne6+ Ke8 34. Nxd4 Rxf1 35. Kg3 Rc1 36. c5 dxc5 37. bxc5 Rxc5 38. Nf3 Ra5 39. h4 Kf7 40. Kg4 Ra4+ 41. Kg5 Kg7 0-1